000 00665nam a22002291 4500
001 2638715
003 OSt
005 20170307150548.0
008 840427s1959 njua 000 0 eng
010 _a 59010077
040 _aDLC/ICU
_cICU
_dDLC
050 0 0 _aQA37
_b.K42 1959
082 0 0 _a512.89
100 1 _aKemeny, John G.
245 1 0 _aFinite mathematical structures
_c[by] John G. Kemeny [and others].
260 _aEnglewood Cliffs, N.J.,
_bPrentice-Hall,
_c1959.
300 _a487 p.
_billus.
_c24 cm.
650 0 _aMathematical analysis.
650 0 _aAlgebra, Universal.
906 _a7
_bcbc
_corignew
_du
_eocip
_f19
_gy-gencatlg
942 _2lcc
_cBK
999 _c256130
_d256129